Amended landlord and tenant forms (Record no. 25731)

MARC details
000 -LEADER
fixed length control field 00660cab a2200181 4500
001 - CONTROL NUMBER
control field WB2728-20
008 - FIXED-LENGTH DATA ELEMENTS--GENERAL INFORMATION
fixed length control field 090401t1991 xxu||||| |||| 00| 0 eng d
035 ## - SYSTEM CONTROL NUMBER
System control number (Sirsi) u40168
041 ## - LANGUAGE CODE
Language code of text/sound track or separate title eng
245 ## - TITLE STATEMENT
Title Amended landlord and tenant forms
260 ## - PUBLICATION, DISTRIBUTION, ETC.
Date of publication, distribution, etc. 1991
350 ## - PRICE (NR) (BK AM CF MU VM SE) [OBSOLETE]
Price 0
490 ## - SERIES STATEMENT
Series statement Oyez Forms Information Service
Volume/sequential designation no 12/1991 June 1991, 1 page
520 ## - SUMMARY, ETC.
Summary, etc. The High Court and County Courts Jurisdiction Order 1991, (SI 1991:724), will come into force 1 July 1991 and certain prescribed forms , landlord`s notices to terminate business tenancies , will be altered.
690 ## - LOCAL SUBJECT ADDED ENTRY--TOPICAL TERM (OCLC, RLIN)
Topical term or geographic name as entry element PROPERTY-LANDLORD AND TENANT
942 ## - ADDED ENTRY ELEMENTS (KOHA)
Suppress in OPAC 0
948 ## - LOCAL PROCESSING INFORMATION (OCLC); SERIES PART DESIGNATOR (RLIN)
c (OCLC) 04/03/1997
Holdings
Withdrawn status Lost status Source of classification or shelving scheme Damaged status Not for loan Home library Current library Shelving location Date acquired Total Checkouts Full call number Barcode Date last seen Copy number Price effective from Koha item type
    Dewey Decimal Classification     London London News article 14/09/1999   WB2728-20 40168-1001 06/08/2019 1 06/08/2019 News article